| 000 | 00845cam a2200241 a 4500 | ||
|---|---|---|---|
| 001 | 000018197 | ||
| 003 | DO-SdBNP | ||
| 005 | 20231115123757.0 | ||
| 008 | 820927s1972 ve 000 0 spa d | ||
| 040 |
_aDO-SdBNP _bspa _cBNPHU |
||
| 082 | 4 |
_bB849m,1972 _222 |
|
| 100 | 1 |
_aBriceño-Iragorry, Mario, _d1897-1958. _924198 |
|
| 245 | 1 | 0 |
_aMensaje sin destino : _bensayo sobre nuestra crisis del pueblo / _cMario Briceño-Iragorry. |
| 260 |
_aCaracas : _bMonte Ávila Editores, _c1972. |
||
| 300 |
_a96 p. ; _c16 cm. |
||
| 490 | 1 | _aBiblioteca popular El Dorado | |
| 650 | 4 |
_aSociología _xEnsayos, conferencias, etc. _924199 |
|
| 650 | 4 |
_aVenezuela _xCondiciones sociales _924200 |
|
| 650 | 4 |
_aVenezuela _xCondiciones económicas _924201 |
|
| 830 | 0 |
_aBiblioteca popular El Dorado ; _913605 |
|
| 910 | _aCatalogación derivada | ||
| 942 |
_2ddc _cLBS1 |
||
| 999 |
_c17718 _d17718 |
||